000 00472nam a2200157 i 4500
001 150452
003 ES-MaACL
005 20230906203523.0
007 t|
008 071030s1969 sp ||||1| spa d
100 1 _aValcárcel Mavor, Carlos.
_9112475
245 1 0 _aEnsayo para una teoría del otoño /
_cCarlos Valcárcel Mavor.
260 _a[Murcia :
_bs.n.],
_c1969 (
_fImp. Provincial)
300 _a103 p. :
_bil. ;
_c19 cm.
852 _aES-MaACL
_jC-51069
_bR.72647
999 _c150452
_d150452